Statistics for Harry Potter Actors

Click here to take the quiz!

General Stats

  • This quiz has been taken 35 times
  • The average score is 17 of 20

Answer Stats

ActorCharacter% Correct
Daniel RadcliffeHarry Potter
100%
Tom FeltonDraco Malfoy
96%
Emma WatsonHermione Granger
96%
Matthew LewisNeville Longbottom
96%
Rupert GrintRon Weasley
96%
Alan RickmanSeverus Snape
96%
Oliver PhelpsGeorge Weasley
92%
Bonnie WrightGinny Weasley
92%
Robbie ColtraneRubeus Hagrid
92%
Michael GambonAlbus Dumbledore
88%
Helena Bonham-CarterBellatrix Lestrange
88%
James PhelpsFred Weasley
88%
Ralph FiennesLord Voldemort
85%
Evanna LynchLuna Lovegood
85%
Maggie SmithMinerva McGonagall
85%
Jason IsaacsLucius Malfoy
81%
Julie WaltersMolly Weasley
81%
Warwick DavisFilius Flitwick
65%
Natalia TenaNymphadora Tonks
65%
Richard GriffithsVernon Dursley
50%

Score Distribution

Percentile by Number Answered

Percent of People with Each Score

Your Score History

You have not taken this quiz